Návrh marketingového komunikačného mixu pre vybraný podnik s využitím progresívnych metód propagácie bakalárska práca

Na minha lista:
Detalhes bibliográficos
Autor principal: Babjaková, Kristína
Autor Corporativo: Fakulta podnikového manažmentu EU. Katedra manažmentu
Outros Autores: Šinský, Peter
Formato: Livro
Idioma:eslovaco
Publicado em: Bratislava 2017
Tags: Adicionar Tag
Sem tags, seja o primeiro a adicionar uma tag!

MARC

LEADER 00000nbm a2200000 4500
001 0232242
005 20171215123842.5
041 0 |a slo 
044 |a SK 
245 1 0 |a Návrh marketingového komunikačného mixu pre vybraný podnik s využitím progresívnych metód propagácie  |b bakalárska práca  |c Kristína Babjaková ; školiteľ: Peter Šinský 
264 1 |a Bratislava  |c 2017 
300 |a 57 s. 
100 1 |a Babjaková, Kristína 
700 1 |a Šinský, Peter 
710 2 |a Fakulta podnikového manažmentu EU. Katedra manažmentu